Traduction des Pokémon de la 4G [EN>FR] - Statistiques

Statistiques générales
  • Ce quiz a été pris 17 fois
  • Le résultat moyen est 16 sur 20
Statistiques - réponses
Nom anglais Nom français % Correct
Vespiquen Apireine
100%
Combee Apitrini
100%
Arceus Arceus
100%
Bronzor Archéomire
100%
Drifloon Baudrive
100%
Grotle Boskara
100%
Garchomp Carchacrok
100%
Gabite Carmache
100%
Toxicroak Coatox
100%
Honchkrow Corboss
100%
Lickilicky Coudlangue
100%
Azelf Créfadet
100%
Mesprit Créfollet
100%
Uxie Créhelf
100%
Cresselia Cresselia
100%
Darkrai Darkrai
100%
Shieldon Dinoclier
100%
Drapion Drascore
100%
Finneon Écayon
100%
Staravia Étourvol
100%
Gallade Gallame
100%
Giratina Giratina
100%
Munchlax Goinfrex
100%
Drifblim Grodrive
100%
Heatran Heatran
100%
Hippowdon Hippodocus
100%
Hippopotas Hippopotas
100%
Bidoof Keunotor
100%
Cranidos Kranidos
100%
Buneary Laporeille
100%
Shinx Lixy
100%
Lopunny Lockpin
100%
Lucario Lucario
100%
Lumineon Luminéon
100%
Luxio Luxio
100%
Luxray Luxray
100%
Magmortar Maganon
100%
Magnezone Magnézone
100%
Manaphy Manaphy
100%
Kricketune Mélokrik
100%
Mime Jr. Mime Jr.
100%
Froslass Momartik
100%
Rotom Motisma
100%
Dusknoir Noctunoir
100%
Chimchar Ouisticram
100%
Pachirisu Pachirisu
100%
Phione Phione
100%
Leafeon Phyllali
100%
Chatot Pijako
100%
Empoleon Pingoléon
100%
Porygon-Z Porygon-Z
100%
Prinplup Prinplouf
100%
Regigigas Regigigas
100%
Riolu Riolu
100%
Roserade Roserade
100%
Gliscor Scorvol
100%
Shaymin Shaymin
100%
Infernape Simiabraz
100%
Spiritomb Spiritomb
100%
Piplup Tiplouf
100%
Togekiss Togekiss
100%
Torterra Torterra
100%
Carnivine Vortente
100%
Yanmega Yanmega
100%
Palkia Palkia
86%
Tangrowth Bouldeneu
83%
Turtwig Tortipouss
83%
Gastrodon Tritosor
83%
Dialga Dialga
80%
Cherrim Ceriflor
75%
Wormadam Cheniselle
75%
Stunky Moufouette
75%
Rhyperior Rhinastoc
75%
Bronzong Archéodong
67%
Bibarel Castorno
67%
Croagunk Cradopaud
67%
Electivire Élekable
67%
Chingling Korillon
67%
Mismagius Magirêve
67%
Shellos Sancoki
67%
Mothim Papilord
60%
Mantyke Babimanta
50%
Cherubi Ceribou
50%
Rampardos Charkos
50%
Weavile Dimoret
50%
Staraptor Étouraptor
50%
Gible Griknot
50%
Mamoswine Mammochon
50%
Happiny Ptiravi
50%
Snover Blizzi
33%
Starly Étourmi
33%
Probopass Tarinorme
33%
Burmy Cheniti
25%
Bonsly Manzaï
20%
Bastiodon Bastiodon
0%
Abomasnow Blizzaroi
0%
Ambipom Capidextre
0%
Purugly Chaffreux
0%
Glameow Chaglam
0%
Monferno Chimpenfeu
0%
Kricketot Crikzik
0%
Glaceon Givrali
0%
Skuntank Moufflair
0%
Buizel Mustébouée
0%
Floatzel Mustéflott
0%
Skorupi Rapion
0%
Budew Rozbouton
0%
Aucun quiz correspondant
Distribution des résultats
% des personnes avec chaque résultat
Percentile par nombre de réponses
Votre historique - résultats
Vous n’avez pas pris ce quiz